|
|
|
|
| LEADER |
01258nam a22003017a 4500 |
| 001 |
33449 |
| 003 |
BD-DhAAL |
| 005 |
20211207114308.0 |
| 008 |
180718r19901983enka00110beng01 e eng d |
| 999 |
|
|
|c 39308
|d 39308
|
| 020 |
|
|
|a 9780333312537
|
| 020 |
|
|
|a 0333312538
|
| 040 |
|
|
|a BD-DhAAL
|
| 082 |
|
|
|a 382.3
|2 19
|
| 100 |
|
|
|a Greenaway, David
|9 27531
|
| 245 |
|
|
|a International trade policy :
|b from tariffs to the new protectionism /
|c David Greenaway
|
| 260 |
|
|
|b London :
|a Macmillan,
|c c1983 [reprinted 1990]
|
| 300 |
|
|
|a xiii, 240 pages :
|b illustrations ;
|c 24 cm
|
| 500 |
|
|
|a Includes index.
|
| 504 |
|
|
|a Includes bibliographical references (227-235).
|
| 526 |
|
|
|a ESS
|
| 541 |
|
|
|a Trim Education
|e 33449, 33450
|
| 650 |
|
|
|a Commercial policy
|9 27532
|
| 650 |
|
|
|a Economics.
|9 43485
|
| 852 |
|
|
|a Ayesha Abed Library
|c General Stacks
|
| 942 |
|
|
|2 ddc
|c BK
|
| 952 |
|
|
|0 0
|1 0
|2 ddc
|4 0
|6 382_300000000000000_GRE
|7 0
|9 63669
|a BRACUL
|b BRACUL
|c GEN
|d 2018-07-10
|e Trim Education
|g 4975.00
|l 2
|o 382.3 GRE
|p 3010033450
|r 2025-11-04
|s 2025-10-25
|t 2
|v 4975.00
|w 2018-07-10
|y BK
|
| 952 |
|
|
|0 0
|1 0
|2 ddc
|4 0
|6 382_300000000000000_GRE
|7 0
|9 63670
|a BRACUL
|b BRACUL
|c GEN
|d 2018-07-10
|e Trim Education
|g 4975.00
|l 1
|o 382.3 GRE
|p 3010033449
|r 2018-09-23
|s 2018-09-23
|t 1
|v 4975.00
|w 2018-07-10
|y BK
|